Harry Potter and the Philosopher's Stone (Record no. 12779)

MARC details
000 -LEADER
fixed length control field 00264nam a22000977a 4500
008 - FIXED-LENGTH DATA ELEMENTS--GENERAL INFORMATION
fixed length control field 250716b |||||||| |||| 00| 0 eng d
020 ## - INTERNATIONAL STANDARD BOOK NUMBER
International Standard Book Number 9781408855652
100 ## - MAIN ENTRY--PERSONAL NAME
Personal name Rowling J.K
245 ## - TITLE STATEMENT
Title Harry Potter and the Philosopher's Stone
260 ## - PUBLICATION, DISTRIBUTION, ETC. (IMPRINT)
Place of publication, distribution, etc. London
Name of publisher, distributor, etc. Bloomsbury
Date of publication, distribution, etc. 2014
Holdings
Withdrawn status Lost status Source of classification or shelving scheme Damaged status Not for loan Home library Current library Shelving location Date acquired Total Checkouts Barcode Checked out Date last seen Price effective from Koha item type
    Dewey Decimal Classification     Good Samaritan School Library Good Samaritan School Library FICTION 07/16/2025   ROW823   07/16/2025 07/16/2025 BOOK

Powered by Koha